Detekcia defektov v potrubných systémoch pomocou akustických metód
Saved in:
| Main Author: | |
|---|---|
| Other Authors: | |
| Format: | Manuscript Book |
| Language: | Slovak |
| Published: |
2022
|
| Subjects: | |
| Online Access: | http://is.stuba.sk/zp/portal_zp.pl?podrobnosti=152809 |
| Tags: |
No Tags, Be the first to tag this record!
|
MARC
| LEADER | 00000ntm a22000003a 4500 | ||
|---|---|---|---|
| 001 | stuzp71375 | ||
| 003 | SK-STU | ||
| 005 | 20220716210250.1 | ||
| 007 | ta | ||
| 008 | 150427s2015----xo-----f-mn---000-0-slo-d | ||
| 040 | |a STU |b slo | ||
| 041 | 0 | |a slo | |
| 100 | 1 | |a Ižold, Roman |u 020010 |4 aut |U SjF Strojnícka fakulta |T SjF Ústav aplikovanej mechaniky a mechatroniky |X 62799 |U J0010 |Y 801 |7 62799 | |
| 242 | 0 | 1 | |a Leak Detection in Pipelines by using Acoustic Methods |y eng |
| 245 | 1 | 0 | |a Detekcia defektov v potrubných systémoch pomocou akustických metód |
| 260 | |c 2022 | ||
| 650 | 4 | |a detekcia únikov |2 slo | |
| 650 | 4 | |a akustické metódy |2 slo | |
| 650 | 4 | |a spracovanie signálov |2 slo | |
| 650 | 4 | |a leak detection |2 eng | |
| 650 | 4 | |a acoustic methods |2 eng | |
| 650 | 4 | |a signal processing |2 eng | |
| 700 | 1 | |a Jančo, Roland |u 020010 |k Z1 |4 ths |U SjF Strojnícka fakulta |T SjF Ústav aplikovanej mechaniky a mechatroniky |X 2227 |U J0010 |Y 801 |7 A000002227 | |
| 856 | 4 | |u http://is.stuba.sk/zp/portal_zp.pl?podrobnosti=152809 | |
| 996 | |b 284J046843 |c J* 119315 |l JJST |s P |a 0 |w stuzp71375_0001 | ||